00768nam a22002177a 4500003000500000005001700005008004100022010001000063011001000073035001000083040000900093100004600102245015000148260003900298300000900337502009500346650002600441650003400467650002200501650002700523CHAP20221026110810.0971013s r 00010 d a16362 a17334 a21417 cCHAP00aGutiérrez Zarrabe, Carlos Rafael Bruno. aEvaluación de un sistema de cría y engorda de patos mediante el reciclaje de desechos porcinos /cpor Carlos Rafael Bruno Gutiérrez Zarrabe aMéxico, D.F., :bEl autor,c1981 a26 h aTesis (Médico Veterinario Zootecnista) -- UNAM. Fac. de Medicina Veterinaria y Zootecnia14aEstiércol de cerdo.14aGanado porcinoxSubproductos.14aGranjas porcinas.14aPatosxAlimentación.